A place of their own : family farming in eastern Finland

Αποθηκεύτηκε σε:
Λεπτομέρειες βιβλιογραφικής εγγραφής
Κύριος συγγραφέας: Abrahams, R. G.
Μορφή: Βιβλίο
Γλώσσα:English
Δημοσίευση: Cambridge : Cambridge University Press, c1991
Σειρά:Cambridge studies in social and cultural anthropology ; ; 81
Θέματα:
Ετικέτες: Προσθήκη ετικέτας
Δεν υπάρχουν, Καταχωρήστε ετικέτα πρώτοι!

MARC

LEADER 00000nam a2200000 i 4500
001 1/96663
008 991215s1991 eng d
020 |a 0-521-38100-2 
035 |l 10055846 
040 |a GR-MY-UA  |b gre  |e aacr 
041 0 |a eng 
082 0 |a 306.85094897 
100 1 |a Abrahams, R. G. 
245 1 2 |a A place of their own :  |b family farming in eastern Finland /  |c Ray Abrahams 
260 |a Cambridge :   |b Cambridge University Press,   |c c1991 
300 |a 210 p.  |b fig. 
490 1 |a Cambridge studies in social and cultural anthropology  |v ; 81 
504 |a Includes bibliographical references and index 
650 0 0 |a Villages  |z Finland  |x Case studies. 
650 0 0 |a Kinship  |z Finland  |x Case studies. 
651 0 |a Vieki (Finland)  |x Rural conditions. 
830 0 |a Cambridge studies in social and cultural anthropology ;  |v ; 81 
852 |a INST  |b LESVOS  |e 19991215  |h 306.85094897 ABR  |p 005100018812  |q 005100018812  |t BK  |y 0 
901 |a BIBL1-2000-1 
909 |a Λ  |b 070417 
922 |a 1ΕΛΗ  |b 199911  |c ΚΠΣ/ΤΓ  |d LEADER 
950 |a 118-1999-09-03 
970 |a ΜΟΥΣΤΑΚΑ  |b ΠΗΝΕΛΟΠΗ  |z 2000/01/19